Integrácia robota na uťahovanie motorovej konzoly
Na minha lista:
| Autor principal: | |
|---|---|
| Outros Autores: | |
| Formato: | Manuscrito Livro |
| Idioma: | eslovaco |
| Publicado em: |
2025
|
| Assuntos: | |
| Acesso em linha: | http://is.stuba.sk/zp/portal_zp.pl?podrobnosti=184462 |
| Tags: |
Sem tags, seja o primeiro a adicionar uma tag!
|
MARC
| LEADER | 00000ntm a22000003a 4500 | ||
|---|---|---|---|
| 001 | stuzp102968 | ||
| 003 | SK-STU | ||
| 005 | 20250614211934.1 | ||
| 007 | ta | ||
| 008 | 150427s2015----xo-----f-mn---000-0-slo-d | ||
| 040 | |a STU |b slo | ||
| 041 | 0 | |a slo | |
| 100 | 1 | |a Remeňová, Veronika |u 030400 |4 aut |U FEI Fakulta elektrotechniky a informatiky |T FEI Ústav automobilovej mechatroniky |X 111016 |U E400 |Y 642 |7 111016 | |
| 242 | 0 | 1 | |a Integration of the Engine Mounting Bracket Tightening Robot |y eng |
| 245 | 1 | 0 | |a Integrácia robota na uťahovanie motorovej konzoly |
| 260 | |c 2025 | ||
| 650 | 4 | |a automatization |2 eng | |
| 650 | 4 | |a electrical documentation |2 eng | |
| 650 | 4 | |a EPLAN |2 eng | |
| 650 | 4 | |a elektrotechnická dokumentácia |2 slo | |
| 650 | 4 | |a EPLAN |2 slo | |
| 650 | 4 | |a automatizácia |2 slo | |
| 700 | 1 | |a Kocúr, Michal |u 030400 |k Z1 |4 ths |U FEI Fakulta elektrotechniky a informatiky |T FEI Ústav automobilovej mechatroniky |X 55800 |U E400 |Y 642 |7 A000055800 | |
| 856 | 4 | |u http://is.stuba.sk/zp/portal_zp.pl?podrobnosti=184462 | |